Kandidátske krajiny doženú životnú úroveň Západu
Podľa štúdie Inštitútu nemeckého hospodárstva (IW) môžu nové členské štáty únie rýchlo dosiahnuť životnú úroveň súčasných členov, lebo disponujú vzdelanou a kvalifikovanou pracovnou silou. Podiel ľudí so stredným a vysokoškolským vzdelaním na populácii vo všetkých kandidátskych krajinách presahuje...
Uložené v:
| Hlavný autor: | |
|---|---|
| Médium: | Kapitola |
| Jazyk: | Slovak |
| Predmet: | |
| Tagy: |
Žiadne tagy, Buďte prvý, kto otaguje tento záznam!
|
MARC
| LEADER | 00000naa$a2200000$$$4500 | ||
|---|---|---|---|
| 001 | 0015839 | ||
| 005 | 20231004123723.9 | ||
| 041 | 0 | |a slo | |
| 044 | |a SK | ||
| 245 | 1 | 0 | |a Kandidátske krajiny doženú životnú úroveň Západu |c aut. Thomas Ludwig |
| 520 | |a Podľa štúdie Inštitútu nemeckého hospodárstva (IW) môžu nové členské štáty únie rýchlo dosiahnuť životnú úroveň súčasných členov, lebo disponujú vzdelanou a kvalifikovanou pracovnou silou. Podiel ľudí so stredným a vysokoškolským vzdelaním na populácii vo všetkých kandidátskych krajinách presahuje západoeurópsky priemer 63,5 perc. Ďalšie pozitíva: znalosť nemčiny, úsilie získať vzdelanie a skúsenosti v zahraničí. Nebezpečenstvo: ak sa nepodarí udržať v strednej a vo východnej Európe kritické množstvo ľudského kapitálu a spoločností, stanú sa okrajové regióny natrvalo perifériou. | ||
| 610 | 2 | 0 | |a úroveň životná |
| 610 | 2 | 0 | |a vzdelanosť |
| 610 | 2 | 0 | |a trh práce |
| 610 | 2 | 0 | |a odmeňovanie |
| 610 | 2 | 0 | |a Európska únia |
| 100 | 1 | |a Ludwig, Thomas | |